000 00919nam a22002297a 4500
999 _c16475
_d16475
003 AR-CdUCM
008 190430b ||||| |||| 00| 0 spa d
040 _aMUNICIPALIDAD PROVINCIAL DEL CUSCO
_cBIBLIOTECA MUNICIPAL DEL CUSCO
082 _a370 /
_bF82
100 _aFranco Valdivia, Rocio
_935081
245 _aWawas y Wawitas :
_bEl desarrollo infantil en Cusco /
260 _aLima :
_bAsociacion Pukllasunchis,
_c1995.
300 _a209 paginas ;
_bIlustraciones,
_c20 cm.
505 _aContenido : Aspectos generales del desarrollo humano --Cusco como contexto de desarrollo --Las wawitas: su primera infancia --La wawitas: los años pre-escolares...
650 _aDesarrollo humano
_93459
650 _aCusco
_9772
650 _aInfantil
_96210
700 _aSilvia Ochoa Rivero
_935082
710 _aArchivo de la asociación Pukllasunchis (fotos)
_935939
942 _2ddc
_cLIBROS
945 _adavv
_d03/05/2019